| 000 | 00429nam a22001697a 4500 | ||
|---|---|---|---|
| 003 | NUST - PNEC | ||
| 005 | 20170116181120.0 | ||
| 008 | 151005b xxu||||| |||| 00| 0 eng d | ||
| 020 | _a0711457859 | ||
| 040 | _cLIBRARY | ||
| 082 | _a668.4197 TUR | ||
| 100 |
_913495 _aTurner, S. |
||
| 245 |
_aMechanical testing of plastics _cS.Turner |
||
| 260 | _cc.1973 | ||
| 650 |
_913496 _aPlastics--Testing _xME, IME |
||
| 942 |
_2ddc _cBK |
||
| 999 |
_c69555 _d69555 |
||